| 000 | 00595nam a2200229Ia 4500 | ||
|---|---|---|---|
| 003 | OSt | ||
| 005 | 20221006164433.0 | ||
| 006 | a|||||r|||| 00| 0 | ||
| 007 | ta | ||
| 008 | 221006b |||||||| |||| 00| 0 eng d | ||
| 024 | _a703 | ||
| 037 | _cTextual | ||
| 040 |
_aFML _cFML _beng |
||
| 041 |
_2eng _aeng |
||
| 082 | _aNRY5932 ; 1, K9 | ||
| 100 |
_aGabry Gyorgy Au. _9677487 |
||
| 245 | 0 | _aOld Musical Instruments | |
| 260 |
_bCorvina Press _c1969 |
||
| 300 |
_a42, 54 _ccm. |
||
| 942 |
_hNRY5932 ; 1, K9 _cTEXL _2CC |
||
| 999 |
_c1117262 _d1117262 |
||